书目信息 |
| 题名: |
墨子学院
|
|
| 作者: | 秦榆 编著 | |
| 分册: | ||
| 出版信息: | 北京 中国长安出版社 2006 |
|
| 页数: | 275页 | |
| 开本: | 24cm | |
| 丛书名: | 现代国学大讲堂 | |
| 单 册: | ||
| 中图分类: | B224.5 | |
| 科图分类: | ||
| 主题词: | 墨家 | |
| 电子资源: | ||
| ISBN: | 7-80175-517-0 | |
| 000 | 00835oam2 2200277 450 | |
| 001 | 003280630 | |
| 005 | 20070803105228.34 | |
| 010 | @a7-80175-517-0@dCNY28.00 | |
| 100 | @a20060210d2006 em y0chiy0110 ea | |
| 101 | 0 | @achi |
| 102 | @aCN@b110000 | |
| 105 | @ay z 000yy | |
| 200 | 1 | @a墨子学院@9mo zi xue yuan@e墨子的兼爱非攻@f秦榆编著 |
| 210 | @a北京@c中国长安出版社@d2006 | |
| 215 | @a275页@d24cm | |
| 225 | 2 | @a现代国学大讲堂 |
| 330 | @a本书介绍了墨子其人其事、墨子做人的启示、人际交往的智慧、墨子的生活智慧、墨子的非命观、墨子的现代人才观等。 | |
| 461 | 0 | @12001 @a现代国学大讲堂 |
| 517 | 1 | @a墨子的兼爱非攻@9mo zi de jian ai fei gong |
| 605 | @a墨子 | |
| 605 | @a墨子@x研究 | |
| 606 | 0 | @a墨家 |
| 690 | @aB224.5@v4 | |
| 701 | 0 | @a秦榆@9qin yu@4编著 |
| 801 | 0 | @aCN@bNLC@c20070803 |
| 905 | @a10447@dB224.5@e346 | |
| 墨子学院:墨子的兼爱非攻/秦榆编著.-北京:中国长安出版社,2006 |
| 275页;24cm.-(现代国学大讲堂) |
| ISBN 7-80175-517-0:CNY28.00 |
| 本书介绍了墨子其人其事、墨子做人的启示、人际交往的智慧、墨子的生活智慧、墨子的非命观、墨子的现代人才观等。 |
| ● |
| 相关链接 |
|
|
|
|
正题名:墨子学院
索取号:B224.5/346
 
预约/预借
| 序号 | 登录号 | 条形码 | 馆藏地/架位号 | 状态 | 备注 |
| 1 | 0801518 | 208015182 | 第一样本阅览室/ [索取号:B224.5/346] | 在馆 | |
| 2 | 0801519 | 208015191 | 第一借阅区/ [索取号:B224.5/346] | 在馆 | |
| 3 | 0801520 | 208015208 | 密集书库/ [索取号:B224.5/346] | 在馆 | |
| 4 | 0801521 | 208015217 | 密集书库/ [索取号:B224.5/346] | 在馆 | |
| 5 | 0801522 | 208015226 | 第一借阅区/ [索取号:B224.5/346] | 在馆 | |
| 6 | 0801523 | 208015235 | 第一借阅区/ [索取号:B224.5/346] | 在馆 | |
| 7 | 0801524 | 208015244 | 第一借阅区/ [索取号:B224.5/346] | 在馆 | |
| 8 | 0801525 | 208015253 | 密集书库/ [索取号:B224.5/346] | 在馆 | |
| 9 | 0801526 | 208015262 | 密集书库/ [索取号:B224.5/346] | 在馆 | |
| 10 | 0801527 | 208015271 | 教育系资料室/ [索取号:B224.5/346] | 在馆 |